| 000 | 00362nam a22001097a 4500 | ||
|---|---|---|---|
| 008 | 230606b xxu||||| |||| 00| 0 eng d | ||
| 082 |
_a338.9 _bKEN |
||
| 245 |
_aQuarterly Economic and Budgetary Review _bFirst Quarter 2009/2010 |
||
| 260 |
_aNairobi,Kenya _bOffice of the Deputy Prime Minister and Ministry of Finance _cNovember,2009 |
||
| 300 | _a35p | ||
| 942 |
_2ddc _cBK |
||
| 999 |
_c622 _d622 |
||